000 00799cab a2200229 4500
001 ABS43623
008 090401t1990 xxu||||| |||| 00| 0 eng d
035 _a(Sirsi) u42606
041 _aeng
100 _aJones, A.J.
245 _aSurveying for sound - Sound insulation and the building regulations
260 _c1990
350 _a0
490 _aStructural Survey
_v9 (2) Autumn 1990, 134-144(11)
520 _aLooks at sound insulation performance specification in the Building Regulations 1985 Part E and the proposals to extend the regulations to include flat conversion projects. References provided.
650 _aBRITISH STANDARDS
650 _aBS 5821: 1984
650 _aNOISE LEVELS
690 _aBUILDING AND CONSTRUCTION-REGULATIONS
942 _n0
948 _c04/03/1997
999 _c27267
_d27267